Central Library and Information Centre
Sibsagar Girls' College, Sivasagar : Assam

A TEXTBOOKS OF MICROBIOLOGY (Record no. 25954)

MARC details
000 -LEADER
fixed length control field 00793cam a2200229ua 4500
001 - CONTROL NUMBER
control field 22706
008 - FIXED-LENGTH DATA ELEMENTS--GENERAL INFORMATION
fixed length control field 180317n2017 II |||gr||||Z||||||eng
082 ## - DEWEY DECIMAL CLASSIFICATION NUMBER
Classification number 579
100 ## - MAIN ENTRY--PERSONAL NAME
Personal name DUBEY, R.C.,
Relator term AUTHOR.
245 ## - TITLE STATEMENT
Title A TEXTBOOKS OF MICROBIOLOGY
Medium Textual Documents
250 ## - EDITION STATEMENT
Edition statement 1ST REP.
260 ## - PUBLICATION, DISTRIBUTION, ETC.
Place of publication, distribution, etc. NEW DELHI
Name of publisher, distributor, etc. S.CHAND & COMPANY
Date of publication, distribution, etc. 2017
300 ## - PHYSICAL DESCRIPTION
Extent 1034:
Dimensions 21CM+
Accompanying material HB.
500 ## - GENERAL NOTE
General note RUSA MDC GRANT 2014-2017
653 ## - INDEX TERM--UNCONTROLLED
Uncontrolled term Microbilogy, fungi & algae
700 ## - ADDED ENTRY--PERSONAL NAME
Personal name MAHESWARI, D.K.,
Relator term AUTHOR.

No items available.



Sibsagar Girl's College © 2020. All rights reserved.
Powered by Koha.
Maintained by Abhijit Borpuzari.